Ultimate Warrior opponents - Statistics

General Stats
  • This quiz has been taken 223 times
    187 since last reset
  • The average score is 30 of 61
Answer Stats
Answer % Correct
Hulk Hogan
93%
Randy Savage
93%
Andre the Giant
91%
Mr. Perfect
87%
Rick Rude
87%
Haku
83%
One Man Gang
83%
The Honkytonk Man
83%
The Undertaker
83%
Hercules
80%
Smash
80%
Earthquake
78%
Dino Bravo
76%
Ted Dibiase
76%
Big Bossman
74%
Greg "The Hammer" Valentine
74%
Owen Hart
74%
Rick Martel
72%
Sgt. Slaughter
72%
Bad News Brown
70%
Papa Shango
70%
Goldust
67%
Ric Flair
67%
Ron Bass
67%
Hunter Hearst Helmsley
65%
Jerry "The King" Lawler
65%
Vader
63%
The Brooklyn Brawler
61%
Harley Race
57%
Barry Horowitz
54%
Orlando Jordan
54%
Skinner
54%
Jim Neidhart
52%
Sid Justice
50%
Kamala
48%
The Genius
41%
Bobby Heenan
39%
"Iron" Mike Sharpe
39%
Tully Blanchard
39%
Isaac Yankem
35%
Nailz
30%
Abdullah the Butcher
26%
Brian Knobbs
26%
Bruiser Brody
26%
Chris Adams
26%
"Dr. Death" Steve Williams
26%
Jose Estrada
20%
Sika
20%
Terry Gibbs
17%
Jimmy Garvin
13%
Buzz Sawyer
7%
Matt Borne
7%
Black Bart
4%
Super Ninja
4%
Tracy Smothers
4%
Conquistador Uno
2%
Dan Spivey
2%
Frenchy Martin
2%
Jack Victory
0%
Steve Simpson
0%
Ulf Hermann
0%
No matching quizzes found
Score Distribution
Percent of People with Each Score
Percentile by Number Answered
Your Score History
You have not taken this quiz since the last reset